MARC details
| 000 -CABECERA |
| campo de control de longitud fija |
01483cam a2200253 a 4500 |
| 001 - NÚMERO DE CONTROL |
| campo de control |
000012375 |
| 005 - FECHA Y HORA DE LA ÚLTIMA TRANSACCIÓN |
| campo de control |
20200929163020.0 |
| 008 - DATOS DE LONGITUD FIJA--INFORMACIÓN GENERAL |
| campo de control de longitud fija |
970430s1996 ag b 000 0 spa d |
| 010 ## - NÚMERO DE CONTROL DE LA BIBLIOTECA DEL CONGRESO |
| Número de control de LC |
97145998 |
| 020 ## - NÚMERO INTERNACIONAL ESTÁNDAR DEL LIBRO |
| Número Internacional Estándar del Libro |
9509431486 |
| 035 ## - NÚMERO DE CONTROL DEL SISTEMA |
| Número de control de sistema |
(OCoLC)36835970 |
| 040 ## - FUENTE DE LA CATALOGACIÓN |
| Centro catalogador/agencia de origen |
DO-SdBNP |
| Centro/agencia transcriptor |
FU |
| Centro/agencia modificador |
DLC |
| 042 ## - CÓDIGO DE AUTENTICACIÓN |
| Código de autenticación |
lccopycat |
| 043 ## - CÓDIGO DE ÁREA GEOGRÁFICA |
| Código de área geográfica |
cl----- |
| 050 00 - SIGNATURA TOPOGRÁFICA DE LA BIBLIOTECA DEL CONGRESO |
| Número de clasificación |
HD7130.5 |
| Número de documento/Ítem |
.S437 1996 |
| 245 03 - MENCIÓN DE TÍTULO |
| Título |
La Seguridad social en America Latina : |
| Resto del título |
seis experiencias diferentes / |
| Mención de responsabilidad, etc. |
CIEDLA. |
| 260 ## - PUBLICACIÓN, DISTRIBUCIÓN, ETC. |
| Lugar de publicación, distribución, etc. |
Buenos Aires, Republica Argentina : |
| Nombre del editor, distribuidor, etc. |
Konrad-Adenauer-Stiftung, CIEDLA ; |
| Lugar de publicación, distribución, etc. |
Bonn, Republica Federal de Alemania : |
| Nombre del editor, distribuidor, etc. |
Konrad-Adenauer-Stiftung, |
| Fecha de publicación, distribución, etc. |
c1996. |
| 300 ## - DESCRIPCIÓN FÍSICA |
| Extensión |
489 p. ; |
| Dimensiones |
21 cm. |
| 504 ## - NOTA DE BIBLIOGRAFÍA, ETC. |
| Nota de bibliografía, etc. |
Includes bibliographical references. |
| 505 0# - NOTA DE CONTENIDO CON FORMATO |
| Nota de contenido con formato |
Sistemas de seguridad social en America Latina : sintesis de estudios nacionales / Theresa Durnbeck -- La seguridad social y la pobreza en Cuba / Carmelo Mesa-Lago -- La seguridad social en Costa Rica / Carlos Vargas Pagan y Patricia Cardenas -- El sistema de seguridad social en Colombia / Maria Teresa Forero de Saade -- Seguridad social y pobreza en Peru : una aproximacion / Francisco Verdera V. -- El regimen de seguridad social en Paraguay / Jorge Luis Schreiner Marengo -- La reforma del sistema de prestaciones sociales en Venezuela / Gustavo Marquez. |
| 650 #0 - PUNTO DE ACCESO ADICIONAL DE MATERIA--TÉRMINO DE MATERIA |
| Término de materia o nombre geográfico como elemento de entrada |
Social security |
| Subdivisión geográfica |
Latin America. |
| 9 (RLIN) |
29074 |
| 710 2# - PUNTO DE ACCESO ADICIONAL--NOMBRE DE ENTIDAD CORPORATIVA |
| Nombre de entidad corporativa o nombre de jurisdicción como elemento de entrada |
Centro Interdisciplinario de Estudios sobre el Desarrollo Latinoamericano. |
| 9 (RLIN) |
29075 |
| 910 ## - DATOS DE OPCIÓN DEL USUARIO (OCLC) |
| Datos de opción del usuario |
Catalogación por copia / LC |